书目信息 |
| 题名: |
大气物理与大气探测学
|
|
| 作者: | 邱金桓, , 陈洪滨, 编著 | |
| 分册: | ||
| 出版信息: | 北京 气象出版社 2005.10 |
|
| 页数: | 179页 | |
| 开本: | 26cm | |
| 丛书名: | 现代大气科学丛书 | |
| 单 册: | ||
| 中图分类: | P41 , P401 | |
| 科图分类: | ||
| 主题词: | 大气物理学--da qi wu li xue , 大气探测--da qi tan ce | |
| 电子资源: | ||
| ISBN: | 7-5029-4015-4 | |
| 000 | 00868nam 2200277 450 | |
| 001 | CAL 012006007046 | |
| 005 | 20060427094225.45 | |
| 010 | @a7-5029-4015-4@dCNY 33.00 | |
| 099 | @aCAL 012006007046 | |
| 100 | @a20060118d2005 em y0chiy0121 ea | |
| 101 | 0 | @achi |
| 102 | @aCN@b110000 | |
| 200 | 1 | @a大气物理与大气探测学@Ada qi wu li yu da qi tan ce xue@f邱金桓, 陈洪滨编著 |
| 210 | @a北京@c气象出版社@d2005.10 | |
| 215 | @a179页@c图@d26cm | |
| 225 | 2 | @a现代大气科学丛书@Axian dai da qi ke xue cong shu |
| 320 | @a有书目 (第175-179页) | |
| 410 | 0 | @12001 @a现代大气科学丛书 |
| 606 | 0 | @a大气物理学@Ada qi wu li xue |
| 606 | 0 | @a大气探测@Ada qi tan ce |
| 690 | @aP41@v4 | |
| 690 | @aP401@v4 | |
| 701 | 0 | @a邱金桓,@Aqiu jin huan@f1943- @4编著 |
| 701 | 0 | @a陈洪滨,@Achen hong bin@f1960- @4编著 |
| 801 | 0 | @aCN@bXJT@c20060427 |
| 905 | @a10447@dP401@eQ722 | |
| 大气物理与大气探测学/邱金桓, 陈洪滨编著.-北京:气象出版社,2005.10 |
| 179页:图;26cm.-(现代大气科学丛书) |
| ISBN 7-5029-4015-4:CNY 33.00 |
| ● |
| 相关链接 |
|
|
|
正题名:大气物理与大气探测学
索取号:P401/Q722
 
预约/预借
| 序号 | 登录号 | 条形码 | 馆藏地/架位号 | 状态 | 备注 |
| 1 | 601873 | 206018735 | 期刊室512/401自科库 121排2列5层/ [索取号:P401/Q722] | 在馆 | |
| 2 | 601874 | 206018744 | 期刊室512/401自科库 121排2列5层/ [索取号:P401/Q722] | 在馆 | |
| 3 | 601875 | 206018753 | 自科库401/401自科库 127排2列5层/ [索取号:P401/Q722] | 在馆 |